000 00598nam a2200181Ia 4500
999 _c8062
_d8062
003 OSt
005 20200514110952.0
008 190216s9999||||xx |||||||||||||| ||und||
020 _a9788184840995
040 _coclc
082 _a332.120954
_bSUR/C
100 _aSuri, Jyoti
_91142
245 0 _aCommercial banks in India :
_bx-efficiency and total factor productivity growth /
_cDr. Jyoti Suri
260 _bRegal Publications,
_c2011.
_aNew Delhi:
300 _a441p
650 0 _aSocial sciences
_vEconomics
_91086
942 _cBK
_2ddc
_h332.120954
_iSUR/C
_k332.120954
_mSUR/C